Quiz méditerranéen - Statistiques

Statistiques générales
  • Ce quiz a été pris 116 fois
    55 depuis la dernière actualisation
  • Le résultat moyen est 43 sur 114
Réponses sur la Carte
Les réponses sont colorées sur une échelle allant du rouge au vert en fonction du pourcentage des utilisateurs qui les ont devinées à leur premier essai. Vous pouvez retrouver ces pourcentages ci-dessous.
 
Statistiques - réponses
Réponse % Correct
France
85%
Tunis
85%
Barcelone
83%
Espagne
83%
Marseille
83%
Rome
83%
Algérie
80%
Maroc
80%
Nice
80%
Tunisie
80%
Athènes
78%
Croatie
78%
Libye
78%
Monaco
78%
Turquie
78%
Albanie
75%
Egypte
75%
Gibraltar
75%
Madrid
75%
Paris
75%
Bosnie-Herzégovine
73%
Grèce
73%
Italie
73%
Malte
70%
Po
68%
Venise
68%
Chypre
65%
Naples
65%
Le Caire
63%
Montenegro
63%
Slovénie
63%
Alpes
60%
Ankara
60%
Valence
60%
Zagreb
60%
Israël
58%
Istanbul
58%
Rhône
58%
Liban
55%
Vatican
55%
Palerme
53%
Pyrénées
53%
La Valette
48%
Rabat
48%
Syrie
48%
Sarajevo
45%
Alexandrie
43%
Andorre-La-Vieille
43%
Baléares
43%
Canal de Suez
43%
Nicosie
43%
Détroit de Gibraltar
40%
Territoires Palestiniens
40%
Mer Adriatique
38%
Saint Marin
38%
Tanger
38%
Atlas
35%
Thessalonique
35%
Beyrouth
33%
Split
33%
Ceuta
30%
Gênes
30%
Malaga
30%
Nil
30%
Podgorica
28%
Héraklion
25%
Bari
23%
Cyclades
23%
Melilla
23%
Mer Egée
23%
Tibre
23%
Damas
20%
Danube
20%
Izmir
20%
Ljubjana
20%
Trieste
20%
Bosphore
18%
Golfe du Lion
15%
Jourdain
15%
Rif
15%
Alpes dinariques
13%
Dodécanèse
13%
Taurus
13%
Apennins
10%
benghazi
10%
Dardanelles
10%
détroit de Sicile
10%
Mer ionienne
10%
Sporades
10%
Adana
8%
Bassin Algéro-provençal
8%
détroit de Messine
8%
Evros
8%
Mer de Marmara
8%
Moulouya
8%
Sierra Nevada
8%
Tripoli (Libye)
8%
Bassin Levantin
5%
Détroit de Bonifacio
5%
Îles Eoliennes
5%
Mer d'Alboran
5%
Mer tyrrhénienne
5%
Tripoli (Liban)
5%
Adige
3%
canal d'Otrante
3%
Golfe de Gabès
3%
Medjerda
3%
Mer de Crète
3%
Mer de Ligurie
3%
Oued Chelif
3%
Golfe de Syrte
0%
Mer catalane
0%
Mer de Libye
0%
Mer de Sicile
0%
Aucun quiz correspondant
Distribution des résultats
% des personnes avec chaque résultat
Percentile par nombre de réponses
Votre historique - résultats
Vous n’avez pas pris ce quiz depuis la dernière actualisation